00430nam a2200169Ia 4500003000400000005001700004008004000021020001500061040000700076082001600083100001500099245007200114260004000186300001200226440001000238650001200248OSt20250818102223.0210210b1989 xxu||||| |||| 00| 0 eng d a8170411491 cAL a954.03 BAKS aS R Bakshi aStruggle for independenceb: C R Das Indian freedom fighters Vol 7 aNew DelhibAnmol Publicationsc1989 avi,205p aVol 7 aC R Das